Голгофа любові (Запис № 17542)

000 -Маркер запису
Контрольне поле сталої довжини 01453nam a22002537a 4500
003 - Належність контрольного номера
Контрольне поле Uzh_bibl
008 - Кодовані дані
Контрольне поле сталої довжини 260428b |||||||| |||| 00| 0 ukr d
020 ## - Індекс ISBN
ISBN 5-7720-0155-8
Ціна 0.70
040 ## - Джерело каталогіз.
Служба первин.кат. укр.
041 ## - Код мови видання
Код мови оригіналу українська
Код мови тексту українська
080 ## - Індекс УДК
Індекс УДК 821(477)
090 ## - Шифри
Поличний індекс 821(477)
Авторський знак Н 84
100 ## - Автор
Автор Носань, Сергій
245 ## - Назва
Назва Голгофа любові
Фізичний носій Текст
260 ## - Вихідні дані
Місце видання Київ
Видавництво Молодь
Дата видання 1989
300 ## - Фізичний опис
Обсяг 168 с.
520 ## - Анотація
Анотація Використовуючи численні архівні документи, наукові дослідження та народні перекази і легенди, автор відтворює картини життя і подвигу видатного декабриста з України Василя Львовича Давидова та його дружини. Їх велике кохання - один із лейтмотивів твору.
521 ## - Примітка про цільове призначення
Примітка про цільове призначення Для широкого кола читачів
546 ## - Примітка про мову
Примітка про мову укр.
650 ## - Тематичні рубрики
Основна рубрика Літературно-художнє видання
Хронологічна підрубрика Друга половина ХХ століття (радянський період)
Географічна підрубрика Україна (переважно сільська місцевість і місто)
653 ## - Ключові слова
Ключові слова Любов
-- Страждання
-- Вибір
-- Життя
-- Мораль
655 ## - Термін індексування — жанр/форма
Жанр/форма Соціально-психологічний роман
Типове ділення Роман
942 ## - ADDED ENTRY ELEMENTS (KOHA)
Джерело класифікації чи схема поличного розташування
Koha item type Книги
Фонди
Статус вилучення Статус втрати/відсутності Джерело класифікації чи схема поличного розташування Статус пошкодження Тип обігу (не для випозичання) Постійне розташування Поточне розташування Розташування у відділі Дата надходження Інвентарний номер Total Checkouts Повний (примірниковий) шифр зберігання Штрих-код Date last seen Дата, для якої чинна ціна заміни Тип одиниці (рівень примірника)
          Публічна бібліотека Публічна бібліотека Абонемент 28/04/2026 36258   821(477) 20320 28/04/2026 28/04/2026 Книги

Працює на АБІС Коха